| 000 | 00699nam a2200217 a 4500 | ||
|---|---|---|---|
| 005 | 20231117063552.0 | ||
| 008 | 121012m20012010es r 000 0 spa d | ||
| 020 | _a9788481644517 | ||
| 035 | _aUPN01000187455 | ||
| 049 | _aCG | ||
| 050 | 4 |
_aRC553 A8.8 _bR5.2 |
|
| 100 | 1 |
_aRivière, Angel, _d1949-2000 _929600 |
|
| 245 | 1 | 0 |
_aAutismo : _borientaciones para la intervención educativa / _cAngel Rivière. |
| 260 |
_aMadrid : _bTrotta, _c2001 (2010 impr.). |
||
| 300 |
_a127 p. : _bcuadros |
||
| 440 | 0 |
_aEstructuras y procesos. _pPensamiento, psicopatología y psiquiatría |
|
| 650 | 2 |
_aAutismo _9362 |
|
| 650 | 0 |
_aAutismo _xPacientes _xEducación _919135 |
|
| 905 | _aLibro | ||
| 999 |
_c159558 _d159558 |
||